Statystyki dla Premierzy III Rzeczpospolitej (po 1989)

Kliknij tutaj aby rozwiązać quiz!

Ogólne statystyki

  • Ten quiz został rozwiązany 995 razy
  • Średni wynik to 11 z 16

Statystyki odpowiedzi

Lp.Objęcie urzęduZłożenie urzęduImię i nazwisko% Poprawnych
16.11 XII 2017Wciąż urzędujeMateusz Morawiecki
99%
15.16 XI 201511 XII 2017Beata Szydło
97%
13.16 XI 200722 IX 2014Donald Tusk
96%
14.22 IX 201416 XI 2015Ewa Kopacz
92%
12.14 VII 200616 XI 2007Jarosław Kaczyński
90%
1.24 VIII 19894 I 1991Tadeusz Mazowiecki
83%
9.19 X 20012 V 2004Leszek Miller
81%
(4.)26 X 19937 III 1995Waldemar Pawlak
64%
5.10 VII 199226 X 1993Hanna Suchocka
63%
3.6 XII 19915 VI 1992Jan Olszewski
61%
11.31 X 200514 VII 2006Kazimierz Marcinkiewicz
60%
8.31 X 199719 X 2001Jerzy Buzek
56%
10.2 V 200431 X 2005Marek Belka
55%
6.7 III 19957 II 1996Józef Oleksy
54%
7.7 II 199631 X 1997Włodzimierz Cimoszewicz
53%
2.4 I 19916 XII 1991Jan Krzysztof Bielecki
44%

Rozkład punktacji

Percentyl według liczby udzielonych odpowiedzi

Procent ludzi z każdym wynikiem

Twoja historia wyników

Nie rozwiązałeś tego quizu